[Event "Avoine op 16th"]
[Site "Avoine"]
[Date "2001.??.??"]
[Round "3"]
[White "Verhoeff, Pieter"]
[Black "Franck, Albert"]
[Result "1/2-1/2"]
[WhiteElo "1685"]
[BlackElo "2030"]
[PlyCount "63"]
[EventDate "2001.07.??"]
[EventType "swiss"]
[EventRounds "7"]
[EventCountry "FRA"]
[SourceTitle "EXT 2003"]
[Source "ChessBase"]
[SourceDate "2002.11.25"]
[SourceVersion "1"]
[SourceVersionDate "2002.11.25"]
[SourceQuality "1"]

1. d4 c5 2. e3 g6 3. c3 Bg7 4. Nf3 Nf6 5. Nbd2 d5 6. Bd3 Bf5 7. Ne5 0-0 8. Bxf5 gxf5 9. g4 Nxg4 10. Nxg4 fxg4 11. Qxg4 f5 12. Qh4 Nd7 13. Nf3 e5 14. Qxd8 Raxd8 15. Nxe5 Nxe5 16. dxe5 Bxe5 17. Bd2 Kf7 18. Ke2 Rg8 19. Rag1 Rg6 20. f4 Bf6 21. Rxg6 hxg6 22. Rg1 Rh8 23. Rg2 g5 24. fxg5 Be5 25. g6+ Kg7 26. Rg5 Kf6 27. h4 Rg8 28. g7 Rxg7 29. Rxg7 Kxg7 30. Be1 Kg6 31. Kf3 Bc7 32. Bg3 1/2-1/2